| 000 | 00879nam a22003010a 4500 | ||
|---|---|---|---|
| 001 | PT35519 | ||
| 003 | AR-LpoUNG | ||
| 005 | 20210131230310.0 | ||
| 008 | 191001s2006||||sp |||||||||||||||||spa d | ||
| 020 |
_a8487118542 _c$37,50 |
||
| 040 |
_aAR-LpoUNG _bspa _cAR-LpoUNG _eaacr |
||
| 041 | _aspa | ||
| 044 | _asp | ||
| 082 | 0 | _a372 779economía | |
| 100 | 1 | _aTravéGonzález, Gabriel | |
| 245 | 1 | 0 |
_aInvestigando las actividades económicas : _bproyecto curricular Investigando nuestro mundo 6 -12 |
| 250 | _a1§ edición | ||
| 260 |
_aSevilla : _bDíada, _cseptiembre 2006. |
||
| 300 |
_a169 p. : _bil., tbls., gráfs. |
||
| 650 | 4 | _aECONOMIA | |
| 650 | 4 | _aENSEÑANZA | |
| 650 | 4 | _aENSEÑANZA PRIMARIA | |
| 650 | 4 | _aMEDIOS DE ENSEÑANZA | |
| 650 | 4 | _aPROYECTOS DE INVESTIGACION | |
| 651 | 4 | _aDOCUMENTOS TEORICOS O METODOLOGICOS | |
| 905 | _a35519 | ||
| 942 | _cLIB | ||
| 999 |
_c2678 _d2678 |
||